MDQL
is popping MORE tags! Check the
thread
!
Quizzes
Events
Quiz Creation
Community
Videos
Private Events
Remove Ads
Sign In
Join for FREE
Feedback
Dark Mode
Quiz Categories
Sports
Geography
Music
Movies
Television
Just For Fun
Miscellaneous
History
Literature
Language
Science
Gaming
Entertainment
Religion
Holiday
For Kids
Quiz Lab
Recent
Popular Today
Quiz Kudos Today
Editor Picks
Curator Picks
Quizzes by...
Day
Popularity
Type
Ratings
Length
Year
Community
Subscriptions
Recent Discussions
Orange Saloon
Badges
Playlists
Quests
Create
Leaderboards
Showdown
Live 5
Trivia Bingo
Activity
Puzzle Library
Sporcle Events
Private Events
Virtual Trivia
Globe League
Become a Host
Pub Owners
SporcleCon
Opinionation
Our Games
Videos
Blog
Mobile Apps
Partnerships
Remove Ads and Go Orange
Feedback
Music
Pop Music
The Beatles
Song
Album
Lyrics
Bands
Singers
Artist
Clip
Rock
Rap
Classical
Billboard
Country Music
Kpop
Taylor Swift
Music
Pop Music
The Beatles
Song
Album
Lyrics
Bands
Singers
Artist
Clip
Rock
Rap
Classical
Billboard
Country Music
Kpop
Taylor Swift
Random Quiz
Search Sporcle
×
Quiz Lab
Quiz Lab
Music
Rock
Type answers based on single images at one time
Type answers based on single images at one time
Slideshow
Best Score? Go Orange.
A Brief History of Stoner Rock (artists) Stats
Can you name the artists that contibuted to the genre of Stoner Rock?
By
bigtass
10m
30 Questions
102 Plays
102 Plays
102 Plays
Comments
Comments
Give Quiz Kudos
Give Quiz Kudos
-
- Ratings
hide this ad
Replay
Link that replays current quiz
Next Quiz
Link to next quiz in quiz playlist
You Got
0%
They Got
Avg Score
22%
Avg Friend Score
Upgrade to see
Score Distribution
Jump to the score distribution portion of the page
Score
0/30
Timer
10:00
0
Plays Today
% Correct
The Jimi Hendrix Experience
95.1%
Black Sabbath
82.4%
Queens of the Stone Age
57.8%
Melvins
52%
Kyuss
49%
Monster Magnet
37.3%
Fu Manchu
34.3%
Electric Wizard
33.3%
Sleep
32.4%
Boris
32.4%
Clutch
29.4%
Hawkwind
21.6%
Red Fang
17.6%
Orange Goblin
12.7%
High on Fire
12.7%
% Correct
Sir Lord Baltimore
11.8%
Dozer
10.8%
Masters of Reality
6.9%
Spiritual Beggars
6.9%
Nightstalker
5.9%
Hermano
5.9%
Ufomammut
5.9%
Atomic Bitchwax
4.9%
Nebula
4.9%
The Human Instinct
2.9%
Fireball Ministry
2%
Wo Fat
2%
Karma to Burn
1%
Los Natas
1%
Goatsnake
0%
Quiz Playlist
Details
Report
Send in Message
Add To Playlist
Slideshow:
Type answers based on single images at one time
Last Updated: Sep 21, 2017
Quiz Scoreboard
CHALLENGE
Sign Up to Join the Scoreboard
Show All
Scores
Hide
Comments
May contain spoilers
Recently Published
Find the 'City' Movie
by crazypaving
Movies
60s
5x2 Blitz: Bands
by SL_Kpop136
Music
30s
Colored Red Africa Blitz
by spor1
Geography
30s
More to Explore
Quiz From the Vault
Featured Blog Post
14 Easter Pick-up Lines to Find Eggs With
hide this ad
You Might Also Like...
Tags
Artist Quiz
Rock Quiz
genre
Hendrix
metal
Stoner
Today's Top Quizzes in Music
Browse Music
hide this ad
Today's Top Quizzes in Rock
Browse Rock
Top Contributed Quizzes in Music
1
5X2 Blitz: Bands II
2
Taylor Swift All Songs (2024)
3
5X2 Blitz: The Beatles
4
5X2 Blitz: Billboard
5
Taylor Swift Logic Puzzle
6
Taylor Swift Logic Puzzle II
7
5X2 Blitz: Album
8
5X2 Blitz: Billboard II
9
Music Artist by Three 2010s hits
10
5X2 Blitz: Rock
Explore More
Trending Topics
Crossword
Anime
Kpop
NBA
Disney
Marvel
Harry Potter
Song
Soccer
The Office
Puzzle
NFL
WWE
Country
Pokémon
hide this ad
More By:
bigtass
Quiz
Plays
Rating
Category
Featured
Created
Michael Jordan vs Lebron James: the Ultimate Challenge
2,100
4.17
Sports
Jun 20, 2016
Thrash Metal in Pictures
630
3.00
Music
Jun 4, 2016
40 years of Gothic Rock
524
3.00
Music
May 22, 2016
Greatest Ancient Greek Philosophers
447
5.00
History
Jun 7, 2016
100 famous pseudonyms
401
5.00
History
Jun 19, 2016
Go to Creator's Profile
Score Distribution
Quiz Creator Spotlight
bigtass
Follow
Send a Message
Quizzes Created
-
Created Quiz Play Count
-
More By This Creator
Popular Quizzes Today
1
Find the 'City' Movie
2
5x2 Blitz: Bands
3
Colored Red Africa Blitz
4
Find the US States - No Outlines Minefield
5
The Countries of the World
6
Find the US States
7
9x9 Crossword: Cartoon Network
8
US States
More Music Quizzes
Three Songs, One Singer
Published
Trending Quizzes
Colored Red Africa Blitz II
Colored Red Europe Blitz I
Colored Red Africa Blitz III
Colored Red Europe Blitz II
Colored Red Europe Blitz III
Recently Updated
Champions League XIs: Real Madrid
pecheneg
Largest US Cities 1790-2010
pecheneg
Rides in Walt Disney World
pecheneg
Most Oscar Losses (Acting)
pecheneg
Beyoncé Albums
pecheneg
Leaping Animals
pecheneg
Reality TV Shows (A-Z)
bhenderson79
Rickey Henderson's Hall of Fame Teammates
pecheneg
Champions League XIs: Arsenal
pecheneg
Quick Pick: Celebrities in WWE's Hall of Fame
aduchscher
Trending Topics
Harry Potter
Kpop
NBA
Anime
Crossword
Marvel
Disney
Pokémon
Soccer
The Office
NFL
Song
Country
WWE
Puzzle
Your Account Isn't Verified!
In order to create a playlist on Sporcle, you need to verify the email address you used during registration. Go to your
Sporcle Settings
to finish the process.
Report this User
Report this user for behavior that violates our
Community Guidelines
.
Details:
Send Report
Go to the Sporcle.com Mobile Site →
Comments